Olivia Joules and the Overactive Imagination / (Record no. 4939)
[ view plain ]
| 000 -LEADER | |
|---|---|
| fixed length control field | 01320nam a22002417a 4500 |
| 001 - CONTROL NUMBER | |
| control field | 4939 |
| 003 - CONTROL NUMBER IDENTIFIER | |
| control field | FISKH |
| 005 - DATE AND TIME OF LATEST TRANSACTION | |
| control field | 20241025150034.0 |
| 008 - FIXED-LENGTH DATA ELEMENTS--GENERAL INFORMATION | |
| fixed length control field | 241025b cb ||||| |||| 00| 0 eng d |
| 020 ## - INTERNATIONAL STANDARD BOOK NUMBER | |
| International Standard Book Number | 9780330432924 |
| 040 ## - CATALOGING SOURCE | |
| Original cataloging agency | FISKH |
| Language of cataloging | eng |
| Transcribing agency | FISKH |
| Modifying agency | FISKH |
| 050 ## - LIBRARY OF CONGRESS CALL NUMBER | |
| Classification number | PR6056.I4588 |
| 082 ## - DEWEY DECIMAL CLASSIFICATION NUMBER | |
| Classification number | 823.914 |
| 100 ## - MAIN ENTRY--PERSONAL NAME | |
| Personal name | Fielding, Helen |
| 245 ## - TITLE STATEMENT | |
| Title | Olivia Joules and the Overactive Imagination / |
| Statement of responsibility, etc. | by Helen Fielding |
| 260 ## - PUBLICATION, DISTRIBUTION, ETC. | |
| Place of publication, distribution, etc. | New York : |
| Name of publisher, distributor, etc. | Picador ; |
| Date of publication, distribution, etc. | 2003 . |
| 300 ## - PHYSICAL DESCRIPTION | |
| Extent | 343 pages : |
| Other physical details | illustrations ; |
| Dimensions | 19 cm . |
| 520 ## - SUMMARY, ETC. | |
| Summary, etc. | She's a dazzling independent beauty journalist turned secret agent, and she's got her priorities right on the money: pack the hairdryer first, the nerve agent dispenser later. Her name is Olivia Joules ("as in the unit of kinetic energy") and she's ready to take America by storm with charm, style, and her infamous Overactive Imagination. Could her arch-enemy truly be Pierre Ferramo, he of the hooded eyes, impeccable taste, unimaginable wealth, exotic international homes, and dubious French accent? Could he be a terrorist bent on the destruction of the Western world, or is it just Olivia's imagination investing a naughty playboy with deadly significance? |
| 650 ## - SUBJECT ADDED ENTRY--TOPICAL TERM | |
| Topical term or geographic name entry element | chick lit |
| Form subdivision | fiction |
| 700 ## - ADDED ENTRY--PERSONAL NAME | |
| Personal name | Brownfield, Mick |
| Relator term | illustrator |
| 942 ## - ADDED ENTRY ELEMENTS (KOHA) | |
| Source of classification or shelving scheme | Dewey Decimal Classification |
| Koha item type | Books |
| Suppress in OPAC | No |
| Withdrawn status | Lost status | Source of classification or shelving scheme | Damaged status | Not for loan | Collection | Home library | Current library | Shelving location | Date acquired | Total Checkouts | Full call number | Barcode | Date last seen | Price effective from | Koha item type |
|---|---|---|---|---|---|---|---|---|---|---|---|---|---|---|---|
| Dewey Decimal Classification | Fiction | Footprints International School Library Network Toul Kork Campus | Footprints International School Library Network Toul Kork Campus | TTP Secondary Fiction Bookshelves | 10/25/2024 | FIE 823.914 PR6056.I4588 | FISSE03140 | 10/25/2024 | 10/25/2024 | Books |
